000 00799cam a2200265 i 4500
001 26891
003 Mx-PuUPA
005 20240829151741.0
008 140415s1997 000 0 spa d
020 _a9786071737779
040 _cMx-PuUPA
_aMx-PuUPA
_bspa
_dMx-PuUPA
_erda
041 _aspa
245 1 3 _aCrianza de codornices
250 _aPrimera edición
260 _a
_b
_c
264 _aCiudad de México
_bTrillas
_c2019
300 _a107páginas :
_bilustraciones, tablas ;
_c23 cm
336 _2rdacontent
_atexto
_btxt
337 _2rdamedia
_asin medio
_bn
338 _2rdacarrier
_avolumen
_bnc
650 7 _2armarc
_913986
942 _2ddc
_cLI
_hxxx
_i C928
999 _c26891
_d26891